Zamestnanci a priemerné mesačné mzdy za 3. štvrťrok 2006

Saved in:
Bibliographic Details
Format: Book
Language:Slovak
Published: Bratislava Štatistický úrad Slovenskej republiky 2006
Series:Demografia a sociálna štatistika
Tags: Add Tag
No Tags, Be the first to tag this record!

MARC

LEADER 00000nam$a2200000$$$4500
001 0052323
005 20260219124345.1
041 0 |a slo 
044 |a SK 
245 1 0 |a Zamestnanci a priemerné mesačné mzdy za 3. štvrťrok 2006 
264 1 |a Bratislava  |b Štatistický úrad Slovenskej republiky  |c 2006 
300 |a 89 s. 
490 1 |a Demografia a sociálna štatistika 
830 0 |a Demografia a sociálna štatistika